Die Neuregelung des Abtreibungsstrafrechts und die Frage der Mitwirkung kirchlicher Beratungsstellen

Saved in:  
Bibliographic Details
Main Author: Tröndle, Herbert 1919-2017 (Author)
Format: Print Article
Language:German
Published: 1995
In: Zeitschrift für Lebensrecht
Year: 1995, Issue: 3, Pages: 46-51
Check availability: HBZ Gateway
Keywords:

MARC

LEADER 00000caa a22000002c 4500
001 1639198873
003 DE-627
005 20220608124344.0
007 tu
008 160223s1995 xx ||||| 00| ||ger c
035 |a (DE-627)1639198873 
035 |a (DE-576)455796157 
035 |a (DE-599)BSZ455796157 
040 |a DE-627  |b ger  |c DE-627  |e rakwb 
041 |a ger 
100 1 |a Tröndle, Herbert  |d 1919-2017  |0 (DE-588)118879979  |0 (DE-627)079656773  |0 (DE-576)163350280  |4 aut 
109 |a Tröndle, Herbert 1919-2017 
245 1 4 |a Die Neuregelung des Abtreibungsstrafrechts und die Frage der Mitwirkung kirchlicher Beratungsstellen  |c Herbert Tröndle 
264 1 |c 1995 
336 |a Text  |b txt  |2 rdacontent 
337 |a ohne Hilfsmittel zu benutzen  |b n  |2 rdamedia 
338 |a Band  |b nc  |2 rdacarrier 
773 0 8 |i In  |t Zeitschrift für Lebensrecht  |d Berlin : Duncker & Humblot, 1992  |g (1995), 3, Seite 46-51  |w (DE-627)171042891  |w (DE-600)1143848-4  |w (DE-576)033045070  |x 0944-4521  |7 nnas 
773 1 8 |g year:1995  |g number:3  |g pages:46-51 
935 |a mkri 
951 |a AR 
ELC |b 1 
LOK |0 000 xxxxxcx a22 zn 4500 
LOK |0 001 3299557491 
LOK |0 003 DE-627 
LOK |0 004 1639198873 
LOK |0 005 20160223094823 
LOK |0 008 160208||||||||||||||||ger||||||| 
LOK |0 040   |a DE-21-110  |c DE-627  |d DE-21-110 
LOK |0 689   |a s  |a Abtreibung 
LOK |0 852   |z Kein Bestand am IfK; Nachweis für KrimDok 
LOK |0 852   |a DE-21-110 
LOK |0 852 1  |m v  |9 00 
LOK |0 935   |a k110 
LOK |0 938   |k v 
LOK |0 939   |a 08-02-16  |b l01 
ORI |a SA-MARC-krimdoka001.raw